000 00631nam a22001697a 4500
005 20260303153556.0
008 260303b |||||||| |||| 00| 0 eng d
020 _a9789387791770
040 _cVITAP
082 _223
_a070.4495 NAM
100 _aNambath, Suresh Ed.
_917192
245 _aBook of Science Journalism, Volume II
_c/ Suresh Nambath Ed.
260 _aChennai
_bTHG Publishing Group Pvt. Ltd.
_c2025
300 _a184p, .: 23cm
650 0 _aAdvanced Science Reporting, Health & Medical Journalism, Environmental & Climate Reporting, Space, Technology & Innovation, Data & Visualization etc.
_917193
942 _2ddc
_cREF
999 _c47322
_d47322